[Event "Manhem IM"]
[Site "?"]
[Date "1995.08.26"]
[Round "6"]
[White "Ziegler, Ari"]
[Black "Schwarz, Michael"]
[Result "1/2-1/2"]
[WhiteElo "2335"]
[BlackElo "2410"]
[PlyCount "136"]

1. d4 Nf6 2. c4 e6 3. Nc3 Bb4 4. Qc2 c5 5. dxc5 Na6 6. a3 Qa5 7. Bd2 Nxc5 8.
Rd1 Bxc3 9. Bxc3 Qa4 10. Qxa4 Nxa4 11. Bd4 b6 12. b3 Nc5 13. b4 Na4 14. e3 Ke7
15. Bd3 d6 16. f4 Bb7 17. Nf3 Rhc8 18. O-O a5 19. Nd2 Nd7 20. Ne4 f5 21. Ng3 g6
22. e4 axb4 23. axb4 Kf7 24. exf5 exf5 25. Ba1 Nf8 26. Bxf5 Rxc4 27. Rxd6 Rxb4
28. Bd3 Nb2 29. Be2 Ba6 30. Bxa6 Rxa6 31. f5 g5 32. Rc6 Rc4 33. Rd6 Rb4 34. Rc1
Ra2 35. Rd2 b5 36. Ne2 Rb3 37. h3 b4 38. Kh2 Kg8 39. Rg1 Rd3 40. Rxb2 Rxb2 41.
Bxb2 Rd2 42. Bf6 Rxe2 43. Rc1 Nd7 44. Bxg5 b3 45. Rc8+ Kf7 46. Rc7 Ke8 47. f6
b2 48. Rb7 Re6 49. Rxb2 Nxf6 50. Ra2 Ne4 51. Bh4 h6 52. Ra7 Kf8 53. Be1 Kg8 54.
Bb4 Rb6 55. Ba3 Re6 56. Bb2 Kf8 57. Rh7 Nf6 58. Ra7 Ne4 59. h4 Rb6 60. Bd4 Rb5
61. Bg7+ Kg8 62. Re7 h5 63. Ba1 Nd6 64. Rd7 Nf5 65. Bf6 Rb4 66. Rd5 Nxh4 67.
Rxh5 Ng6 68. Rf5 Rc4 1/2-1/2

[Event "Manhem IM"]
[Site "?"]
[Date "1995.08.27"]
[Round "7"]
[White "Aberg, Anton"]
[Black "Urban, Julian"]
[Result "1/2-1/2"]
[WhiteElo "2275"]
[BlackElo "2260"]
[PlyCount "83"]

1. c4 Nc6 2. Nc3 e5 3. Nf3 g6 4. d4 exd4 5. Nxd4 Bg7 6. Nxc6 bxc6 7. g3 Ne7 8.
Bg2 O-O 9. O-O Rb8 10. e4 d6 11. Qc2 Be6 12. b3 c5 13. Bb2 Nc6 14. Rab1 Nd4 15.
Qd2 a5 16. Ne2 Nxe2+ 17. Qxe2 Bxb2 18. Rxb2 a4 19. e5 dxe5 20. Rd2 Qf6 21. Qe3
axb3 22. axb3 Rfd8 23. Bd5 Bh3 24. Rfd1 c6 25. Bg2 Bxg2 26. Rxd8+ Rxd8 27.
Rxd8+ Qxd8 28. Kxg2 Qd6 29. h4 h5 30. Qc3 Kg7 31. Qa5 e4 32. Qa7 Kf6 33. Qa1+
Kf5 34. Qc1 f6 35. Qh6 Qe5 36. Qd2 g5 37. hxg5 fxg5 38. Qd7+ Qe6 39. Qa7 Kg4
40. Qxc5 h4 41. gxh4 gxh4 42. Qe3 1/2-1/2

[Event "Manhem IM"]
[Site "?"]
[Date "1995.08.27"]
[Round "7"]
[White "Greger, Roland"]
[Black "Ziegler, Ari"]
[Result "0-1"]
[WhiteElo "2290"]
[BlackElo "2335"]
[PlyCount "102"]

1. e4 Nc6 2. Nf3 d6 3. d4 Nf6 4. Nc3 Bg4 5. Bb5 Nd7 6. d5 Bxf3 7. gxf3 Ncb8 8.
Be3 c6 9. Be2 cxd5 10. Nxd5 Nc6 11. c3 e6 12. Nf4 Nf6 13. Qb3 Qc7 14. O-O-O Be7
15. h4 O-O 16. Rhg1 Rfc8 17. Rg5 Na5 18. Qa4 e5 19. Nd3 Nc4 20. Rg2 b5 21. Qa6
b4 22. Bg5 Rab8 23. b3 Na3 24. c4 Rb6 25. Qa4 a5 26. Kb2 Rc6 27. Bxf6 Bxf6 28.
Ne1 Bxh4 29. Rd5 Rc5 30. Nc2 Rxd5 31. exd5 Nxc2 32. Kxc2 Bf6 33. Bd3 g6 34. Bf5
Rd8 35. Qc6 Qa7 36. Be4 Bg7 37. Qb5 f5 38. Bd3 e4 39. fxe4 fxe4 40. Bf1 Qd4 41.
c5 Qb2+ 42. Kd1 Qb1+ 43. Ke2 Bc3 44. Ke3 Qe1+ 45. Be2 Qd2+ 46. Kxe4 Qd4+ 47.
Kf3 Rf8+ 48. Kg3 Qf4+ 49. Kh3 Qh6+ 50. Kg3 Be5+ 51. Kg4 Qh5# 0-1

[Event "Manhem IM"]
[Site "?"]
[Date "1995.08.27"]
[Round "7"]
[White "Hultin, Johan"]
[Black "Teske, Henrik"]
[Result "0-1"]
[WhiteElo "2285"]
[BlackElo "2500"]
[PlyCount "104"]

1. d4 e6 2. Nf3 Nf6 3. Bg5 h6 4. Bxf6 Qxf6 5. e4 d6 6. Nc3 Nd7 7. Qd2 a6 8.
O-O-O g5 9. e5 Qf4 10. Qxf4 gxf4 11. Re1 b5 12. exd6 Bxd6 13. Bd3 Bb7 14. Be4
c6 15. d5 cxd5 16. Nxd5 Ra7 17. Nc3 Bb4 18. Bxb7 Rxb7 19. Re4 Bxc3 20. bxc3 Rg8
21. g3 fxg3 22. hxg3 Rg6 23. Ne5 Nxe5 24. Rxe5 Rc7 25. Kb2 Rg5 26. Rh5 Rxe5 27.
Rxe5 Kf8 28. Re4 Rc5 29. Kb3 Ke7 30. Rf4 h5 31. Kb4 Rd5 32. Ka5 Rd6 33. c4 bxc4
34. Rxc4 f5 35. Rc7+ Kf6 36. a4 e5 37. Ra7 e4 38. c4 Rd2 39. Rxa6+ Ke5 40. c5
Rxf2 41. Ra8 Kd5 42. Kb6 Rb2+ 43. Kc7 Kxc5 44. Ra5+ Kd4 45. Rxf5 e3 46. Rxh5 e2
47. Rh1 Ra2 48. Kd6 Ke3 49. Ke5 Rxa4 50. Kf5 Kf3 51. Re1 Ra5+ 52. Kf6 Ra2 0-1

[Event "Manhem IM"]
[Site "?"]
[Date "1995.08.27"]
[Round "7"]
[White "Moberg, Karl Johan"]
[Black "Liljedahl, Lennart"]
[Result "1-0"]
[WhiteElo "2420"]
[BlackElo "2325"]
[PlyCount "129"]

1. e4 c6 2. d4 d5 3. Nd2 dxe4 4. Nxe4 Nd7 5. Bc4 e6 6. Qe2 Ngf6 7. Ng5 Qc7 8.
Bd2 h6 9. N5f3 b5 10. Bd3 a6 11. Ne5 Nxe5 12. dxe5 Nd5 13. f4 Qa7 14. Nf3 Bc5
15. h4 Bd7 16. h5 O-O-O 17. Rh3 f5 18. c4 bxc4 19. Bxc4 Be8 20. Bxa6+ Kd7 21.
Bc4 Rb8 22. b3 Qa3 23. Bc1 Qa5+ 24. Bd2 Bb4 25. g3 Ke7 26. Bxb4+ Rxb4 27. Qd2
Qa3 28. Nd4 Rb7 29. Bxd5 cxd5 30. Rc1 Bd7 31. Kf2 Ra8 32. Rc2 Qa7 33. Rh1 Be8
34. Kg2 Qb6 35. Rhc1 Raa7 36. a4 Bd7 37. Rc5 Qd8 38. Qc3 Qe8 39. Qf3 Rb4 40.
Rd1 Qb8 41. Qc3 Rab7 42. a5 Rxb3 43. Nxb3 Rxb3 44. Qd2 Ra3 45. Rdc1 Qb3 46.
R5c3 Qb4 47. Qc2 Rxa5 48. Rc7 Qe4+ 49. Kh2 Qxc2+ 50. R1xc2 d4 51. R7c5 Ra3 52.
Rd2 d3 53. Kg2 Ba4 54. Kf2 Bc2 55. Rc7+ Kf8 56. Ke3 Ra1 57. Rg2 Rh1 58. g4 fxg4
59. Rxg4 Rh3+ 60. Kd2 Rh2+ 61. Kc3 Bb1 62. Rcxg7 Rc2+ 63. Kd4 d2 64. Rg8+ Kf7
65. R4g7# 1-0

[Event "Manhem IM"]
[Site "?"]
[Date "1995.08.27"]
[Round "7"]
[White "Schwarz, Michael"]
[Black "Bjerring, Kai"]
[Result "1/2-1/2"]
[WhiteElo "2410"]
[BlackElo "2350"]
[PlyCount "55"]

1. c4 c6 2. Nf3 d5 3. e3 Nf6 4. Nc3 e6 5. d4 Nbd7 6. Bd3 Bd6 7. O-O O-O 8. e4
dxe4 9. Nxe4 Nxe4 10. Bxe4 Nf6 11. Bc2 c5 12. Bg5 cxd4 13. Qxd4 Be7 14. Rfd1
Qxd4 15. Rxd4 h6 16. Bh4 b6 17. Ne5 g5 18. Bg3 Bc5 19. Rd2 Bb7 20. Rad1 Bb4 21.
Nd7 Nxd7 22. Rxd7 Bc6 23. Rc7 Rfc8 24. Rxc8+ Rxc8 25. h4 Be7 26. hxg5 hxg5 27.
Bd3 f5 28. Be5 1/2-1/2

[Event "Manhem IM"]
[Site "?"]
[Date "1995.08.28"]
[Round "8"]
[White "Greger, Roland"]
[Black "Hultin, Johan"]
[Result "0-1"]
[WhiteElo "2290"]
[BlackElo "2285"]
[PlyCount "116"]

1. e4 c6 2. d4 d5 3. e5 Bf5 4. Nc3 e6 5. g4 Bg6 6. Nge2 h6 7. Be3 Ne7 8. h4 h5
9. Ng3 Qb6 10. Na4 Qa5+ 11. c3 hxg4 12. h5 Bf5 13. b4 Qc7 14. Be2 a5 15. a3 Nd7
16. Nc5 b5 17. Bxg4 Bxg4 18. Qxg4 axb4 19. cxb4 Nxc5 20. bxc5 Qa5+ 21. Bd2 Qa4
22. O-O Qc2 23. Bg5 Ra4 24. Bxe7 Bxe7 25. Qxg7 Qh7 26. Qxh7 Rxh7 27. Rfd1 Bh4
28. Kg2 Bxg3 29. Kxg3 Rxh5 30. f4 Ke7 31. Rd3 Rh8 32. Rf1 Rg8+ 33. Kh2 Rh8+ 34.
Kg2 Rh5 35. Rff3 Rc4 36. Rf2 Kf8 37. Kg3 Kg7 38. Kg4 Kg6 39. Rg2 Rc1 40. Rdg3
Rf1 41. a4 bxa4 42. Ra2 Rfh1 43. Rag2 Rf1 44. Ra2 Rfh1 45. Rag2 Kh6 46. Ra2
R5h4+ 47. Kf3 Rf1+ 48. Ke3 Rb1 49. Kf3 Rb3+ 50. Kg2 Rxf4 51. Rxa4 Rxg3+ 52.
Kxg3 Kg5 53. Rb4 Kf5 54. Ra4 Ke4 55. Rb4 Rf3+ 56. Kg2 Rc3 57. Kf2 Rc4 58. Rb7
Kxd4 0-1

[Event "Manhem IM"]
[Site "?"]
[Date "1995.08.28"]
[Round "8"]
[White "Liljedahl, Lennart"]
[Black "Schwarz, Michael"]
[Result "1-0"]
[WhiteElo "2325"]
[BlackElo "2410"]
[PlyCount "73"]

1. e4 c6 2. d4 d5 3. exd5 cxd5 4. Bd3 Nc6 5. c3 g6 6. Nf3 Bg7 7. Bf4 Nh6 8. Qb3
O-O 9. O-O f6 10. Re1 Nf7 11. Bg3 e5 12. dxe5 fxe5 13. Bf1 e4 14. Nd4 Bxd4 15.
cxd4 Nxd4 16. Qd1 Nf5 17. Nc3 Be6 18. Qd2 Nxg3 19. hxg3 Ne5 20. Nxe4 dxe4 21.
Qxd8 Raxd8 22. Rxe4 Nd3 23. Rxe6 Nxb2 24. Rc1 Rf7 25. Rc2 Na4 26. Bc4 Kg7 27.
Bb3 Rd1+ 28. Kh2 Rd4 29. Re5 Rfd7 30. Ra5 b5 31. Rxb5 Nb6 32. Ra5 Kh6 33. f3
Nd5 34. Re2 Nc3 35. Re8 Rd2 36. g4 Rf2 37. Rg8 1-0

[Event "Manhem IM"]
[Site "?"]
[Date "1995.08.28"]
[Round "8"]
[White "Teske, Henrik"]
[Black "Aberg, Anton"]
[Result "0-1"]
[WhiteElo "2500"]
[BlackElo "2275"]
[PlyCount "84"]

1. Nf3 c5 2. c4 Nf6 3. Nc3 g6 4. g3 Bg7 5. Bg2 O-O 6. O-O Nc6 7. d4 d6 8. dxc5
dxc5 9. Be3 Be6 10. Qa4 Qa5 11. Nd2 Qxa4 12. Nxa4 Nd7 13. Bxc6 bxc6 14. Rac1
Nb6 15. Nxc5 Bh3 16. Rfd1 Bxb2 17. Rb1 Bg7 18. a4 Bf5 19. a5 Bxb1 20. Rxb1 Nc8
21. Rb7 Nd6 22. Rxe7 Nf5 23. Rb7 Nxe3 24. fxe3 Rfb8 25. a6 Rxb7 26. Nxb7 Bh6
27. Ne4 Bxe3+ 28. Kg2 Bb6 29. g4 h6 30. c5 Bc7 31. Ned6 Kf8 32. Kf3 Ke7 33. e4
Bxd6 34. cxd6+ Ke6 35. h4 Rc8 36. Ke3 c5 37. g5 hxg5 38. hxg5 c4 39. Kd2 c3+
40. Kc2 Kd7 41. e5 Rc6 42. Na5 Rc5 0-1

[Event "Manhem IM"]
[Site "?"]
[Date "1995.08.28"]
[Round "8"]
[White "Urban, Julian"]
[Black "Moberg, Karl Johan"]
[Result "1/2-1/2"]
[WhiteElo "2260"]
[BlackElo "2420"]
[PlyCount "81"]

1. Nf3 Nf6 2. g3 g6 3. Bg2 Bg7 4. d3 d5 5. O-O O-O 6. Nbd2 Nbd7 7. e4 dxe4 8.
dxe4 e5 9. b3 Re8 10. Bb2 b6 11. Re1 Bb7 12. Qe2 a5 13. Rad1 Qe7 14. a4 Red8
15. Nc4 Ba6 16. Nfd2 Ne8 17. Qf3 f6 18. h4 Bf8 19. h5 Nc5 20. hxg6 hxg6 21. Ne3
Ne6 22. Qg4 Qf7 23. Bf1 Bxf1 24. Ndxf1 Rxd1 25. Rxd1 Rd8 26. Rxd8 Nxd8 27. Qc8
Ne6 28. Ng4 Nd6 29. Qa8 Qe7 30. Nfe3 Nf7 31. Nd5 Qc5 32. Ndxf6+ Kg7 33. Qe8
Neg5 34. Qd7 Qxc2 35. Ne8+ Kg8 36. Nef6+ Kg7 37. Bxe5 Nf3+ 38. Kg2 N3xe5 39.
Nxe5 Kxf6 40. Ng4+ Kg7 41. Qd4+ 1/2-1/2

[Event "Manhem IM"]
[Site "?"]
[Date "1995.08.28"]
[Round "8"]
[White "Ziegler, Ari"]
[Black "Bjerring, Kai"]
[Result "0-1"]
[WhiteElo "2335"]
[BlackElo "2350"]
[PlyCount "90"]

1. d4 d5 2. c4 c6 3. Nc3 Nf6 4. e3 a6 5. Nf3 b5 6. cxd5 cxd5 7. a4 b4 8. Nb1
Nc6 9. Nbd2 Na5 10. Bd3 e6 11. O-O Bb7 12. Ne5 Ne4 13. Bxe4 dxe4 14. f3 Bd6 15.
Nxf7 Kxf7 16. fxe4+ Kg8 17. Qg4 Qd7 18. b3 h5 19. Qg5 Qd8 20. Qg6 Qe8 21. Qg5
Qd8 22. Qg6 Rh6 23. Qf7+ Kh8 24. e5 Be7 25. Bb2 Qd7 26. Qf2 Rg6 27. e4 Rc8 28.
Rac1 Bg5 29. Rxc8+ Qxc8 30. Rc1 Qe8 31. Re1 Bxd2 32. Qxd2 Qe7 33. Qe3 Rg4 34.
Qf3 Qg5 35. Bc1 Qg6 36. d5 Kh7 37. g3 exd5 38. exd5 Rd4 39. e6 Bxd5 40. Qf2 Re4
41. e7 Nxb3 42. Bb2 Rxe1+ 43. Qxe1 Bf7 44. h3 Nc5 45. Ba1 Nd3 0-1

[Event "Manhem IM"]
[Site "?"]
[Date "1995.08.29"]
[Round "9"]
[White "Aberg, Anton"]
[Black "Greger, Roland"]
[Result "1-0"]
[WhiteElo "2275"]
[BlackElo "2290"]
[PlyCount "59"]

1. e4 e5 2. Nc3 Nf6 3. f4 Bb4 4. fxe5 Bxc3 5. dxc3 Nxe4 6. Qg4 Nc5 7. Qxg7 Qh4+
8. Qg3 Qxg3+ 9. hxg3 Nc6 10. Nf3 b6 11. Bg5 Ne4 12. Bf4 Bb7 13. Bd3 Ne7 14. Ng5
Nxg5 15. Bxg5 Ng6 16. Bf6 O-O 17. Rh2 Rfe8 18. O-O-O d6 19. Rdh1 Rxe5 20. Bxg6
fxg6 21. Bxe5 dxe5 22. Rxh7 Bxg2 23. Rh8+ Kg7 24. R1h7+ Kf6 25. Rxa8 Bxa8 26.
Kd2 Kf5 27. Ke3 Kg4 28. Rxc7 a5 29. c4 g5 30. c5 1-0

[Event "Manhem IM"]
[Site "?"]
[Date "1995.08.29"]
[Round "9"]
[White "Hultin, Johan"]
[Black "Ziegler, Ari"]
[Result "0-1"]
[WhiteElo "2285"]
[BlackElo "2335"]
[PlyCount "75"]

1. Nf3 Nf6 2. g3 g6 3. Bg2 Bg7 4. O-O O-O 5. c4 d6 6. Nc3 Nbd7 7. Rb1 e5 8. d3
Re8 9. Nd2 h5 10. Nde4 Nh7 11. Nd5 f5 12. Ng5 c6 13. Nxh7 Kxh7 14. Nc3 Nf6 15.
b4 d5 16. b5 e4 17. bxc6 bxc6 18. cxd5 cxd5 19. d4 Ba6 20. Qa4 Re6 21. Bf4 Rc8
22. Rfc1 Rc4 23. Rb4 Rxb4 24. Qxb4 Rc6 25. Bf1 Bf8 26. Qa4 Rb6 27. e3 Qc8 28.
Bxa6 Rxa6 29. Qd1 Ba3 30. Rc2 Rc6 31. Qb1 Be7 32. Qb3 a5 33. Nxd5 Rxc2 34. Nxe7
Qc4 35. Qxc4 Rxc4 36. d5 Ra4 37. d6 Rxa2 38. Nd5 {White resigned after making
his move.} 0-1

[Event "Manhem IM"]
[Site "?"]
[Date "1995.08.29"]
[Round "9"]
[White "Liljedahl, Lennart"]
[Black "Bjerring, Kai"]
[Result "0-1"]
[WhiteElo "2325"]
[BlackElo "2350"]
[PlyCount "58"]

1. e4 c6 2. d4 d5 3. Nd2 dxe4 4. Nxe4 Nd7 5. Bd3 Ngf6 6. Ng5 Qb6 7. N1f3 h6 8.
Ne6 fxe6 9. Bg6+ Kd8 10. O-O a5 11. c4 Qa6 12. b3 b5 13. Qe2 a4 14. Rb1 a3 15.
Qxe6 c5 16. Qe2 Nd5 17. Bd3 Nc3 18. Qc2 b4 19. dxc5 Bb7 20. Be3 Qc6 21. Rbd1 e6
22. Rd2 Be7 23. Re1 Rf8 24. Bf1 Rxf3 25. Qg6 Rf5 26. Qxg7 Bf6 27. Qxh6 Ne4 28.
Rdd1 Kc7 29. Qh7 Rd8 0-1

[Event "Manhem IM"]
[Site "?"]
[Date "1995.08.29"]
[Round "9"]
[White "Schwarz, Michael"]
[Black "Urban, Julian"]
[Result "1-0"]
[WhiteElo "2410"]
[BlackElo "2260"]
[PlyCount "79"]
[EventDate "1995.??.??"]

{[%evp 0,79,19,-12,-18,-51,-25,-41,11,5,12,-43,-43,-12,16,-37,-12,-1,27,-13,13,
17,17,27,35,6,44,19,8,2,-24,-24,-3,-4,-11,-36,0,-12,0,0,-22,0,56,34,98,92,93,
84,68,66,111,96,110,113,240,269,302,288,586,209,217,213,213,236,260,238,219,
214,227,218,252,241,428,441,866,1079,1689,1797,29991,29992,29995,29996]} 1. c4
Nc6 2. g3 e5 3. Bg2 g6 4. Nc3 Bg7 5. e3 d6 6. Nge2 h5 7. Rb1 h4 8. b4 hxg3 9.
hxg3 Rxh1+ 10. Bxh1 Nf6 11. d4 Bf5 12. b5 Ne7 13. Rb4 e4 14. d5 Kd7 15. Kd2 Qh8
16. Qg1 Re8 17. Bg2 Nc8 18. a4 Ng4 19. a5 b6 20. a6 Re5 21. Nd4 Ne7 22. Bb2 Kc8
23. Nd1 Bd7 24. Nc2 Rf5 25. Bxg7 Qxg7 26. Bxe4 Qe5 27. Bxf5 Qxf5 28. Nd4 Qe4
29. Nb2 Ne5 30. Qd1 Bg4 31. Qc2 Qg2 32. Kc3 Nf5 33. Nc6 Nxc6 34. bxc6 Bf3 35.
Kb3 Be4 36. Qc3 Kd8 37. Qf6+ Ke8 38. Rxb6 cxb6 39. c7 Ne7 40. Qh8+ 1-0